000 01540nam2a22003011 4500
001 v19\rc\1555101
005 20250618185115.0
035 _a(NLR Aleph) 004669071
090 _a3653378
_c3653378
100 _a20060620d1914 |||y0rusy50 ca
101 0 _arus
102 _aRU
105 _ac z |||||
200 0 _aза 1913 год
_e(36-й год существования Музея)
210 _d1914
_aБ. м.
215 _a[4], 36 с., 1 портр.
461 0 _1001v19\rc\1555078
_12001#$aОтчет по Минусинскому Мартьяновскому музею, состоящему под покровительством Императорской Академии наук и по Общественной библиотеке...$vза 1913 год
_93653081
_aМинусинский Мартьяновский музей
_cМинусинск
_d1890-1914
_tОтчет по Минусинскому Мартьяновскому музею, состоящему под покровительством Императорской Академии наук и по Общественной библиотеке...
_vза 1913 год
801 0 _aRU
_bNLR
_gpsbo
801 0 _aRU
_bRuMoRGB
_2psbo
801 1 _aRU
_bProSoft-M
_2rusmarc
852 _aNLR
_bБ
_j5050.М624/О-881
899 _aRuMoRGB (1890-1913*)
_jРб 47/155
899 _aRuMoRGB (1890-1913*)
_jA 183/1681
899 _aRuMoRGB (1890-1913*)
_jO 52/230
899 _aRuMoRGB (1890-1913*)
_jV 63/336
899 _aБАН (1889-1913*)
942 _cBOOK
980 _aNB